000 00743nam a2200265Ia 4500
003 OSt
005 20221006142719.0
006 a|||||r|||| 00| 0
007 ta
008 221006b |||||||| |||| 00| 0 eng d
020 _c
_7.95
024 _a7,008
037 _cTextual
040 _aEASL
_cEASL
_beng
041 _2eng
_aeng
082 _aQ457:(X:8).N6, K9
100 _aDATOR James Allen
_9648242
245 0 _aSoka Gakki, builders of the third civilization
_b American and Japanese members
260 _aLondon
_bUniversity of Washington Press
_c1969
300 _a171p.
_ccm.
490 _v JEL
650 _aJEL
942 _hQ457:(X:8).N6, K9
_cTEXL
_2CC
999 _c1075094
_d1075094